100 кинофильмов по их цитатам - Statistics

General Stats
  • This quiz has been taken 46 times
  • The average score is 19 of 100
Answer Stats
Цитата Фильм % Correct
"Подскользнулся, упал, потерял сознание, очнулся - гипс" Бриллиантовая рука
82%
"Мне нужны твои одежда, ботинки и мотоцикл" Терминатор
71%
"Господа, навсегда запомните этот день, когда вы чуть не поймали великого капитана Джека Воробья" Пираты Карибского моря
62%
"С большой силой приходит большая ответственность" Человек-паук
56%
"Кто не работает, тот ест - учись, студент" Операция "Ы" и другие приключения Шурика
56%
"Я собираюсь сделать ему предложение, от которого он не сможет отказаться" Крёстный отец
53%
"Бегите, глупцы!" Властелин колец
53%
"Только утратив всё до конца мы обретаем свободу" Бойцовский клуб
53%
"Тепло ли тебе, девица?" Морозко
53%
"Я - король мира!" Титаник
50%
"Меня терзают смутные сомненья..." Иван Васильевич меняет профессию
50%
"Какая гадость эта ваша заливная рыба" Ирония судьбы, или С лёгким паром
50%
"Эй, чувак, возьми трубку. ЧУВА-А-АК!" Очень страшное кино
50%
"Ошибки надо не признавать - их надо смывать кровью" Кавказская пленница, или Новые приключения Шурика
47%
"Только ситхи всё возводят в абсолют" Звёздные войны
47%
"Я - злой и страшный серый волк, я в поросятах знаю толк" Джентльмены удачи
44%
"На небе только и разговоров, что о море" Достучаться до небес
38%
"Дерьмо случается" Форрест Гамп
38%
"Видишь суслика? И я не вижу, а он есть" ДМБ
35%
"Лёд тронулся, господа присяжные заседатели!" 12 стульев
35%
"Я думал, моя жизнь - это трагедия, но оказалось, что она - долбанная комедия" Джокер
32%
"Зэд мёртв, детка, Зэд мёртв..." Криминальное чтиво
32%
"Я - не волшебник, я только учусь" Золушка
32%
"Мымра!" Служебный роман
32%
"Он боль моя дырка задница" Борат
26%
"Жених приехал" Груз 200
26%
"Старое доброе ультра-насилие" Заводной апельсин
24%
"Великолепный план! Надёжный, как швейцарские часы!" Большой Лебовски
24%
"Губит людей не пиво, губит людей вода" Не может быть!
24%
"Ложки нет" Матрица
24%
"Я тебе один умный вещь скажу, только ты не обижайся: если мне будет приятно, я тебя так довезу, что тебе тоже будет приятно" Мимино
24%
"В космосе никто не услышит твой крик" Чужой
24%
"Либо человек умирает героем, либо живёт до тех пор, пока не станет негодяем" Тёмный рыцарь
21%
"Эта нога - кого надо нога" Берегись автомобиля
21%
"Муля, не нервируй меня" Подкидыш
21%
"Если будешь есть, как собака, тогда иди спать на улицу, как собака, а здесь ты будешь есть палочками" Убить Билла
21%
"Скажи мисс Лори "До свидания"" Джанго освобождённый
21%
"Занимайтесь жизнью или занимайтесь смертью" Побег из Шоушенка
21%
"Я вижу мёртвых людей..." Шестое чувство
21%
"Заметьте - не я это предложил" Покровские ворота
18%
"Это какой-то... позор!" Собачье сердце
18%
"Есть ли жизнь на Марсе, нет ли жизни на Марсе - это науке неизвестно" Карнавальная ночь
18%
"Там, куда мы отправляемся, дороги не нужны" Назад в будущее
18%
"Это - не народ, это - хуже народа, это - лучшие люди города" Обыкновенное чудо
15%
"Сдаётся, мне, джентльмены, это была комедия..." Человек с бульвара Капуцинов
15%
"Внести флюгегехаймен!" Евротур
15%
"Посмотри камень в собаке - ну, открой её" Большой куш
15%
"Честно говоря, милая, мне наплевать" Унесённые ветром
12%
"Мир - у твоих ног" Лицо со шрамом
12%
"Ты со мной говоришь?" Таксист
12%
"У ужаса есть лицо, и ты должен стать другом ужаса" Апокалипсис сегодня
12%
"Наконец-то... дождались..." Свадьба в Малиновке
12%
"Правительство на другой планете живёт, родной" Кин-дза-дза!
12%
"Журчат ручьи, слепят лучи" Весна
12%
"Вы думаете, это меня с вами заперли? Нет, это вас заперли со мной!" Часовые
12%
"Yuppie-Kay-Yay, motherfucker!" Крепкий орешек
12%
"Я тебя поцелую... потом... если захочешь" Здравствуйте, я - ваша тётя
9%
"Не в моём темпе!" Одержимость
9%
"Живое! Оно живое!" Франкенштейн
9%
"Нет, спасибо, я уже был женат" От заката до рассвета
9%
"Улыбайтесь, господа, улыбайтесь" Тот самый Мюнхгаузен
9%
"Нет, это полное падение нравов..." Семнадцать мгновений весны
9%
"Мёрфи, это - ты!" Робокоп
9%
"А зачем нам кузнец? Нам кузнец не нужен: что я, лошадь, что ли?" Формула любви
9%
"Если бы ты выстрелил в кучу дерьма, даже брызги бы не полетели" Харли Дэвидсон и ковбой Мальборо
6%
"Ты рвёшь меня на части, Лиза!" Комната
6%
"Постоянная работа и никаких игр делают Джека глуповатым" Сияние
6%
"Я слышал, что патриотизм - последнее прибежище трусов" Тропы славы
6%
"Оно втирает молочко себе в кожу, иначе его опять обольют из шланга" Молчание ягнят
6%
"Можете жаловаться в лигу сексуальных реформ" Золотой телёнок
6%
"Я нашёл ответ на вопрос "Почему?": потому что" О чём говорят мужчины
6%
"Бутон розы..." Гражданин Кейн
6%
"У нас, казаков, позиция принципиальная: мы за того, кто победит" День выборов
6%
"Боль... Как вы смеете произносить это слово?" Восставший из ада
6%
"Все эти мгновения затеряются во времени, как слёзы в дожде..." Бегущий по лезвию
6%
"Я - ваш спаситель! Моею властью вы восстанете из пепла!" Безумный Макс: Дорога ярости
6%
"Большинство людей в нашем мире абсолютно не ценят жизнь, но только не вы - и не теперь" Пила
6%
"Зубочистка нужна?" Драйв
6%
"Учёные утверждают, что скорпионы - древнейшие существа на Земле" Игла
6%
"Как говорил французский философ Жан-Поль Сартр, au revoir, суслик!" Гольф-клуб
3%
"Есть два типа людей: те, кто копает яму, и те, кому нужны деньги. Ты будешь копать" Хороший, плохой, злой
3%
"Дик Лорент мёртв" Затерянное шоссе
3%
"Мой фюрер, я могу ходить!" Доктор Стрейнджлав, или Как я перестал бояться и полюбил бомбу
3%
"Дай бог каждому!" Ширли-мырли
3%
"Это просто праздник какой-то!" Приключения Буратино
3%
"Рэмбо - жалкий слабак" Танго и Кэш
3%
"Groovy!" Зловещие мертвецы
3%
"Что мне делать? Как мне быть? Как Марусю полюбить?" Полосатый рейс
3%
"Смерть эксплуататорам и программистам!" Даун Хаус
3%
"Эйнштейн говорил: конец света на Земле наступит тогда, когда с её лица исчезнут все пчёлы" Явление
0%
"Я просто зашёл пожелать вам удачи и сказать, что мы все очень рассчитываем на вас" Аэроплан!
0%
"Вы играетесь в жизнь, а те, кто к этому серьёзно относятся, с ума сходят, страдают" Изображая жертву
0%
"Ну, вы знаете - "Для детишек"!" Подручный Хадсакера
0%
"По-твоему, руководство слабое? Это ты слабый!" Гленгарри Глен Росс
0%
"Псы не могут глядеть вверх" Зомби по имени Шон
0%
"Мы нашли ведьму! Можем мы её сжечь?" Монти Пайтон и Священный Грааль
0%
"Улетай, маленькая бабочка, просто улетай" Шестиструнный самурай
0%
"Никаких игрушечных ружей: ты себе глаз отстрелишь!" Рождественская история
0%
"Она пытается заменить меня!" Чёрный лебедь
0%
"Друзья мои, думал ли я когда-либо, маленький мальчик из Сибири,что когда-нибудь стану у штрумвала такой огромной махины..." Generation "П"
0%
No matching quizzes found
Score Distribution
Percent of People with Each Score
Percentile by Number Answered
Your Score History
You have not taken this quiz